000 00394nam a22001697a 4500
005 20160628095040.0
008 160628b xxu||||| |||| 00| 0 eng d
020 _a81-212-0773-8
041 _aeng
082 _b10706
100 _aBhatt, S.C.
_93019
245 _aThe District Gagetteer of Chhattisgarh
260 _bGyan
_c2003
300 _a215
650 _aManagement
_9241
942 _cBK
999 _c4364
_d4363